000
00310nam a22001337a 4500
008
181001b xxu||||| |||| 00| 0 eng d
020
_a
0023983000
041
_a
eng
080
_a
370
100
_a
48
101
_a
Edu
245
_a
Rhetorical Readdres For Esl Writers
_c
Raphael .C.B
942
_2
udc
_c
BK
999
_c
48706
_d
48706